<?xml version="1.0" encoding="UTF-8"?>
<record
    xmlns:xsi="http://www.w3.org/2001/XMLSchema-instance"
    xsi:schemaLocation="http://www.loc.gov/MARC21/slim http://www.loc.gov/standards/marcxml/schema/MARC21slim.xsd"
    xmlns="http://www.loc.gov/MARC21/slim">

  <leader>00895nas a22002297a 4500</leader>
  <datafield tag="999" ind1=" " ind2=" ">
    <subfield code="c">6549</subfield>
    <subfield code="d">6549</subfield>
  </datafield>
  <controlfield tag="003">OSt</controlfield>
  <controlfield tag="005">20240905132200.0</controlfield>
  <controlfield tag="008">130702d19962010sp ||||| |||| 00| 0 cat d</controlfield>
  <datafield tag="022" ind1=" " ind2=" ">
    <subfield code="a">1886-4074</subfield>
  </datafield>
  <datafield tag="040" ind1=" " ind2=" ">
    <subfield code="c">CDMR</subfield>
    <subfield code="b">cat</subfield>
  </datafield>
  <datafield tag="245" ind1=" " ind2=" ">
    <subfield code="a">Antena local</subfield>
    <subfield code="b">: la revista de la comunicaci&#xF3; local</subfield>
  </datafield>
  <datafield tag="260" ind1=" " ind2=" ">
    <subfield code="a">Barcelona</subfield>
    <subfield code="b">Federaci&#xF3; Catalana de R&#xE0;dios i Televisions Locals</subfield>
    <subfield code="c">1996-2010</subfield>
  </datafield>
  <datafield tag="310" ind1=" " ind2=" ">
    <subfield code="a">Bimestral</subfield>
  </datafield>
  <datafield tag="362" ind1=" " ind2=" ">
    <subfield code="a">N&#xFA;m. 1 (jul. 1996) - n&#xFA;m. 71 (des. 2010)</subfield>
  </datafield>
  <datafield tag="650" ind1="0" ind2="4">
    <subfield code="9">3717</subfield>
    <subfield code="a">Premsa comarcal</subfield>
    <subfield code="z">Catalunya</subfield>
    <subfield code="v">Revistes</subfield>
  </datafield>
  <datafield tag="650" ind1="0" ind2="4">
    <subfield code="9">3756</subfield>
    <subfield code="a">R&#xE0;dio local</subfield>
    <subfield code="z">Catalunya</subfield>
    <subfield code="v">Revistes</subfield>
  </datafield>
  <datafield tag="650" ind1="0" ind2="4">
    <subfield code="9">3757</subfield>
    <subfield code="a">Televisi&#xF3; local</subfield>
    <subfield code="z">Catalunya</subfield>
    <subfield code="v">Revistes</subfield>
  </datafield>
  <datafield tag="650" ind1="0" ind2="4">
    <subfield code="9">4580</subfield>
    <subfield code="a">Butlletins d'informaci&#xF3;</subfield>
  </datafield>
  <datafield tag="710" ind1="2" ind2=" ">
    <subfield code="9">3907</subfield>
    <subfield code="a">Federaci&#xF3; d'Organismes i Entitats de R&#xE0;dio Local de Catalunya</subfield>
  </datafield>
  <datafield tag="856" ind1="0" ind2="4">
    <subfield code="u">https://www.radiolocal.cat/ca/publicacions.cfm/id/4875/revista-_antena-local_</subfield>
    <subfield code="y">Disponible en l&#xED;nia</subfield>
  </datafield>
  <datafield tag="942" ind1=" " ind2=" ">
    <subfield code="2">udc</subfield>
    <subfield code="c">SER</subfield>
  </datafield>
  <datafield tag="952" ind1=" " ind2=" ">
    <subfield code="0">0</subfield>
    <subfield code="1">0</subfield>
    <subfield code="4">0</subfield>
    <subfield code="7">0</subfield>
    <subfield code="a">CDMR</subfield>
    <subfield code="b">CDMR</subfield>
    <subfield code="d">2013-01-16</subfield>
    <subfield code="h">N&#xFA;m. 14 (febr. 2000) - n&#xFA;m. 71 (des. 2010)</subfield>
    <subfield code="p">CDMR13076793</subfield>
    <subfield code="r">2013-07-02</subfield>
    <subfield code="w">2013-07-02</subfield>
    <subfield code="y">SER</subfield>
  </datafield>
  <datafield tag="952" ind1=" " ind2=" ">
    <subfield code="0">0</subfield>
    <subfield code="1">0</subfield>
    <subfield code="4">0</subfield>
    <subfield code="7">0</subfield>
    <subfield code="a">LLEIDA</subfield>
    <subfield code="b">LLEIDA</subfield>
    <subfield code="d">2013-07-19</subfield>
    <subfield code="h">N&#xFA;m. 4 (1997)-n&#xFA;m. 26 (2002)/ n&#xFA;.28 (2002)-n&#xFA;m. 30 (2003)/ n&#xFA;m. 32 (2003)-n&#xFA;m. 47 (2006)/ n&#xFA;m. 51 (2006)- n&#xFA;m. 58 (2008)/ n&#xFA;m. 68- (2010)-n&#xFA;m. 70 (2010) 70 (2010)</subfield>
    <subfield code="p">LLEIDA13076801</subfield>
    <subfield code="r">2013-07-19</subfield>
    <subfield code="w">2013-07-19</subfield>
    <subfield code="y">SER</subfield>
  </datafield>
</record>
